5HLuxD.jpg

KING HENRY VIII SENIOR AND PRIMARY SCHOOL LIBRARY OPAC

AT THE POLES (Record no. 4115)

000 -LEADER
fixed length control field 00298nam a22001097a 4500
008 - FIXED-LENGTH DATA ELEMENTS--GENERAL INFORMATION
fixed length control field 250121b ||||| |||| 00| 0 eng d
020 ## - INTERNATIONAL STANDARD BOOK NUMBER
International Standard Book Number 9781482459685
082 ## - DEWEY DECIMAL CLASSIFICATION NUMBER
Classification number 578 SPI
100 ## - MAIN ENTRY--PERSONAL NAME
Personal name RICHARDS SPILSBURY
Relator term SPILSBURY,RICHARDS
245 ## - TITLE STATEMENT
Title AT THE POLES
942 ## - ADDED ENTRY ELEMENTS (KOHA)
Source of classification or shelving scheme
Classification part 578 SPI
Holdings
Withdrawn status Lost status Source of classification or shelving scheme Damaged status Not for loan Collection code Permanent Location Current Location Shelving location Date acquired Total Checkouts Full call number Barcode Date last seen Date last checked out Price effective from Koha item type Public note
          Non-Fiction KH8 Primary School Library KH8 Primary School Library Non Fiction 2025-01-21 1 578 SPI 3KHPL000002303 2025-12-05 2025-11-26 2025-01-21 Books - Non Ficton PRIMARY LIBRARY

Powered By KH8 IT Dept